Countries from 'A' by Cities - Statistics

General Stats
  • This quiz has been taken 10 times
  • The average score is 7 of 11
Answer Stats
Picture Answer % Correct
Australia
90%
Antigua and Barbuda
80%
Armenia
80%
Argentina
70%
Austria
70%
Azerbaijan
70%
Andorra
50%
Afghanistan
40%
Albania
40%
Algeria
40%
Angola
40%
No matching quizzes found
Score Distribution
Percent of People with Each Score
Percentile by Number Answered
Your Score History
You have not taken this quiz